Ambiente /

Guardado en:
Autor Principal: Devia Iozzo, Magali
Formato: Libro
Publicado: Bahía Blanca : Cooperativa El Calamar, 2005
Materias:
Etiquetas: Agregar Etiqueta
Sin Etiquetas, Sea el primero en etiquetar este registro!
LEADER 00555nam a22001815a 4500
001 EHU.bham044697
003 AR-BHAM
005 20170502145007.0
008 130507s2005##################000#0#####d
082 A 8 |a 861.5 
100 1 |a Devia Iozzo, Magali 
245 1 0 |a Ambiente /  |c Magali Devia Iozzo 
260 |a Bahía Blanca :  |b Cooperativa El Calamar,  |c 2005 
300 |a Sin p.aginar 
653 |a Poesía argentina-2000- 
653 |a Poesía bahiense-2000- 
653 |a Literatura bahiense-2000- 
859 |a AR-BHAM  |b BIB. HUMANIDADES - General  |h A861.5  |i D494  |k A  |p 91.17  |t Ej.1